LEADER 00531nab a2200145 i 4500 001 000000314993 003 CaOOAMICUS 005 20180831173142.0 008 180831n xx uu u0 0und r 013 $a24082 040 $aSeMil$bita 100 1 $aCipriani, Settimio .$0(OLS)http://semarc/name/3945 245 10$aDio è amore. La dottrina della carità in San. Giovanni. 773 0 $t[Gennaio-Dicembre].$g214-231$w()274269 996 $6245$aDio è amore. La dottrina della carità in San. Giovanni$9(OLS)http://semarc/title/389110 LEADER 00486nab a2200133 i 4500 001 000000315027 003 CaOOAMICUS 005 20180831173142.0 008 180831n xx uu u0 0und r 013 $a24116 040 $aSeMil$bita 245 10$aAnno (L?) Accademico 1964-1965 nella Pont. Facoltà Teologica di Milano. 773 0 $t[Gennaio-Dicembre].$g80-81, 469-471$w()274269 996 $6245$aAnno (L?) Accademico 1964-1965 nella Pont. Facoltà Teologica di Milano$9(OLS)http://semarc/title/389142